000 01547nam0a2200385 4500
001 RU\NLR\bibl\1124713
005 20260406080529.0
010 _a5-93615-068-2
021 _aRU
_b2007-50074
_92649
035 _a(nilc)RSL-KNO-003150634
035 _a(NLR Aleph) 001111659
090 _a1241958
_c1241958
100 _a20070813d2007 |||y0rusy50 ca
101 1 _arus
_cger
102 _aRU
105 _ay |||||||||
200 1 _aГоды оккупации
_dJahre der Okkupation
_e(апрель 1945 - декабрь 1948)
_fЭрнст Юнгер
_gпер. с нем. И.П. Стребловой
_zger
210 _aСанкт-Петербург
_cВладимир Даль
_d2007
215 _a365, [2] с.
_d22
225 1 _aДневники XX века
_fредкол.: ... Ю.Н. Солонин (пред.)
300 _aАвт. также на нем. яз.: Ernst Jünger
320 _aБиблиогр. в подстроч. прим.
510 0 _6z11790
_aJahre der Okkupation
_zger
600 1 _aЮнгер
_bЭ.
_f1895 - 1998
_gЭрнст
_jДневники
_91771763
_3RU\NLR\AUTH\66795672
686 _aШ5(4Г)6-4Юнгер12
686 _aЮ3(4Г)7
700 1 _4070
_7ca
_8rus
_aЮнгер
_bЭ.
_f1895-1998
_gЭрнст
_9209753
_3RU\NLR\AUTH\770209807
790 1 _4070
_7ba
_8ger
_aJünger
_bE.
_f1895-1998
_gErnst
_9248817
_3RU\NLR\AUTH\770248873
801 0 _aRU
_bРКП
_c20070813
_grcr
801 1 _aRU
_bРГБ
_c20070813
801 2 _aRU
_bNLR
_c20070906
_grcr
942 _cBOOK
980 _aNB